| 000 | 01205cam a2200277 i 4500 | ||
|---|---|---|---|
| 003 | SA-RiAUC | ||
| 005 | 20250427065557.0 | ||
| 008 | 250422s1996 ti g f000 0 ara c | ||
| 040 |
_aJO-MaAABU _bara _cSA-RiAUC _erda |
||
| 082 | 0 | 4 | _a307.76 |
| 090 |
_a307.76 _bس ن و |
||
| 100 | 1 |
_aالسنوسي، محمد بن عثمان بن محمد، _d1267-1318 هجري _eمؤلف. |
|
| 245 | 1 | 0 |
_aنظام المدينة المفيد لكتاب العصر الجديد / _cمحمد بن عثمان السنوسي ؛ تقديم وتحقيق جمعة شيخة، حسين المزوغي، جمال بن حمادة. |
| 264 | 1 |
_aتونس : _bجامعة الزيتونة، _c1996 |
|
| 300 | _a104 صفحة | ||
| 336 |
_aنص _btxt _2rdacontent _3كتاب |
||
| 337 |
_aبدون وسيط _bn _2rdamedia |
||
| 338 |
_aمجلد _bnc _2rdacarrier |
||
| 650 | 7 |
_aعلم الاجتماع الحضري _2aucsh |
|
| 650 | 7 |
_aالمجتمعات الحضرية _2aucsh |
|
| 700 | 1 |
_aشيخة، جمعة، _d1944- _eمقدم. |
|
| 700 | 1 |
_aالمزوغي، حسين، _d1950- _eمقدم. |
|
| 700 | 1 |
_aابن حمادة، جمال، _d1949- _eمقدم. |
|
| 942 |
_2ddc _cBOOK _n0 |
||
| 949 |
_aSA-JeALM _d250422 _umohamedma123 _n1 |
||
| 999 |
_c7359 _d7359 |
||